000 00577cam a22002173a 4500
001 44536
003 PGUSA
005 20140828084021.0
008 131228s2013||||xxu|||||s|||||000 | eng d
040 _aPGUSA
_beng
042 _adc
100 1 _aUnknown
245 1 0 _aGeorgian Folk Tales
_h[electronic resource] /
_cUnknown
260 _bProject Gutenberg,
_c2013
506 _aPublic domain in the USA.
516 _aElectronic text
700 1 _aWardrop, Marjory
830 0 _aProject Gutenberg
_v44536
856 4 0 _uhttp://www.gutenberg.org/ebooks/44536
942 _cEB
999 _c273787
_d273787